BIBLIOTHÈQUE DE LA MAISON DU MEXIQUE

Logo 1 Logo 2

La primera república federal de México (notice nᵒ 10455)

détails MARC
000 -Sello discográfico
campo de control de longitud fija 01087nam a2200325 4500
005 - Identificación de versión
campo de control 20251016082547.0
010 ## - Número Estándar Internacional de Libros (ISBN)
Número (ISBN) 84-375-0034-6
035 ## - Otros números de control del sistema
Número de control del sistema 9927
099 ## - fechas locales
Tipo de ítem Koha LIBRO
100 ## - Datos de procesamiento general
Datos de procesamiento general 20040108d1975 m y1spay5003 ba
101 1# - Idioma del recurso
Idioma del texto, banda sonora, etc. Español; Castellano
Idioma de la obra original Inglés
105 ## - Campo de datos codificados: Material textual, monográfico
Datos codificados de monografía y 001zy
200 1# - Título y mención de responsabilidad
Título propio La primera república federal de México
Designación general del material texto impreso
Otra información del título 1824-1835 : un estudio de los partidos políticos en el México independiente
Primer mención de responsabilidad Michael P. Costeloe
Declaración de responsabilidad subsiguiente traducción Manuel Fernández Gasalla
210 ## - Publicación, distribución, etc.
Lugar de publicación, distribución, etc. Madrid
Nombre del editor, distribuidor, etc. Fondo de Cultura Económica
Fecha de publicación, distribución, etc. 1975
215 ## - Descripción física
Designación de material específico y extensión del ítem 491 p
Dimensiones 21 cm
300 ## - Notas generales
Texto de la nota Traducción de : Parties and politics in Independent Mexico. A Study of the first federal republic, 1824-1835
345 ## - Nota de información de adquisición
Fuente de adquisición/dirección de la suscripción [OBSOLETO] Donación
410 #1 - Series
Título Sección de Obras de Historia
607 ## - Nombre geográfico utilizado como tema
Elemento de entrada México
Subdivisión temática Historia
Subdivisión cronológica 1821-1861
Número Koha 2709
660 ## - Código de área geográfica
Código MX
676 ## - Clasificación Decimal Dewey
Número 972.042 C84p
700 ## - Nombre personal - Responsabilidad primaria
Elemento de entrada Costeloe
Parte del nombre distinta del elemento de entrada Michael P
Número Koha 16974
702 ## - Nombre personal - Responsabilidad secundaria
Elemento de entrada Fernández Gasalla
Parte del nombre distinta del elemento de entrada Manuel
Número Koha 16975
801 #0 - Fuente de origen
Agencia cm
900 ## -
-- 1/5854
900 ## -
-- 7100417615\080104
942 ## - ELEMENTOS DE ENTRADA SECUNDARIOS (KOHA)
Tipo de ítem Koha Livre

Pas d'exemplaire disponible.